书目信息 |
| 题名: |
壮景小诗组曲
|
|
| 作者: | 郑路 曲 | |
| 分册: | ||
| 出版信息: | 北京 人民音乐出版社 1982 |
|
| 页数: | 53页 | |
| 开本: | 21cm | |
| 丛书名: | ||
| 单 册: | ||
| 中图分类: | J647.106 | |
| 科图分类: | ||
| 主题词: | 管乐-组曲--中国 , 组曲-管乐--中国 | |
| 电子资源: | ||
| ISBN: | ||
| 000 | 00638nam0 2200241 45 | |
| 001 | 0182007613 | |
| 005 | 20060731175440.37 | |
| 010 | @dCNY0.62 | |
| 091 | @aCN@b8026.4004 | |
| 100 | @a19950512d1982 em y0chiy0121 ea | |
| 101 | 0 | @achi |
| 102 | @aCN@b110000 | |
| 105 | @ag z 000yy | |
| 200 | 10 | @a壮景小诗组曲@Azhuang jing xiao shi zu qu@e管乐部谱@e正谱本@f郑路曲 |
| 210 | @a北京@c人民音乐出版社@d1982 | |
| 215 | @a53页@d21cm | |
| 606 | @a管乐-组曲@y中国 | |
| 606 | @a组曲-管乐@y中国 | |
| 690 | @aJ647.106@v3 | |
| 701 | 0 | @a郑路@Azheng lu@4曲 |
| 801 | 2 | @aCN@bNLC@c20060731 |
| 801 | 0 | @aCN@bTSSF |
| 905 | @a10447@dJ647.106@e83 | |
| 壮景小诗组曲:管乐部谱:正谱本/郑路曲.-北京:人民音乐出版社,1982 |
| 53页;21cm |
| ISBN :CNY0.62 |
| ● |
| 相关链接 |
|
|
|
|
正题名:壮景小诗组曲
索取号:J647.106/83
 
预约/预借
| 序号 | 登录号 | 条形码 | 馆藏地/架位号 | 状态 | 备注 |
| 1 | 0444006 | 204440060 | 密集书库/ [索取号:J647.106/83] | 在馆 | |
| 2 | 0444007 | 204440079 | 密集书库/ [索取号:J647.106/83] | 在馆 | |
| 3 | 0444008 | 204440088 | 密集书库/ [索取号:J647.106/83] | 在馆 |